Different Gemstones - Statistics

General Stats
  • This quiz has been taken 95 times
  • The average score is 8 of 15
Answer Stats
Hint Answer % Correct
The name of the city in "The Wizard of OZ" Emerald
89%
This gemstone is normally navy but it can be any colour Sapphire
84%
This is normally found in oysters under the sea Pearl
80%
These are normally a purplish red and begin with the letter "G" Garnet
78%
The 40 year wedding anniversary gift Ruby
72%
These are normally found in Australia Opal
58%
The start of this is something that orbits the earth Moonstone
54%
There are enough of these in the world to give everyone in the world a cupful Diamond
49%
The gemstone for the month of August Peridot
46%
The most valuable kind of this is called 'Imperial' and comes from Mynmmar Jade
32%
The black germstone Jet
30%
This gemstone is also a colour Turquoise
27%
The Hebrew word for this is 'Dream' Amethyst
26%
It is the Sanskrit word for fire Topaz
20%
The name of this sounds very fishy Aquamarine
19%
No matching quizzes found
Score Distribution
Percent of People with Each Score
Percentile by Number Answered
Your Score History
You have not taken this quiz